| 000 | 00691nam a2200229 i 4500 | ||
|---|---|---|---|
| 001 | bg | ||
| 100 | 1 | _aMICHAŁKÓW, Ireneusz | |
| 245 | 1 | 0 |
_aGeografia ekonomiczna : _bświat i Polska / _cIreneusz Michałków. |
| 260 |
_aWarszawa : _bWyższa Szkoła Ekonomiczna, _c2002. |
||
| 300 |
_a319 s. : _bil., mapy ; _c24 cm. |
||
| 504 | _aBibliogr. | ||
| 650 | 9 | _aGeografia gospodarcza | |
| 655 | _aPodręczniki akademickie | ||
| 020 | _a8386990414 | ||
| 040 | _cBPK | ||
| 041 | 0 | _apol | |
| 080 | _a911.3:33](075.8) | ||
| 920 | _a83-86990-41-4 | ||
| 942 | _cKS | ||
| 008 | s pl f |000 0 pol | ||
| 999 |
_c43425 _d43425 |
||
| 856 |
_uhttp://koha.tu.koszalin.pl/cgi-bin/koha/opac-detail.pl?biblionumber=43425 _yKatalog online BPK |
||